Central Library OPAC University of Rajshahi

Highlights of modern literature : (Record no. 19529)

MARC details
000 -LEADER
fixed length control field 00814cam a22002651 4500
001 - CONTROL NUMBER
control field 19529
003 - CONTROL NUMBER IDENTIFIER
rucl marc code BD-RjUL
005 - DATE AND TIME OF LATEST TRANSACTION
control field 20211209000438.0
008 - FIXED-LENGTH DATA ELEMENTS--GENERAL INFORMATION
fixed length control field 140224s1954 nyu 000 1 eng
035 ## - SYSTEM CONTROL NUMBER
System control number (BD-RjUL)19589
System control number (OCoLC)681463
040 ## - CATALOGING SOURCE
Original cataloging agency DLC
Transcribing agency OYU
Modifying agency BD-RjUL
Language of cataloging eng
041 ## - LANGUAGE CODE
Language code of text/sound track or separate title eng
082 00 - DEWEY DECIMAL CLASSIFICATION NUMBER
Classification number 809.04
Author mark and year HIG 1954
245 10 - TITLE STATEMENT
Title Highlights of modern literature :
Remainder of title a permanent collection of memorable essays /
Statement of responsibility, etc. edited by Francis Brown.
260 ## - PUBLICATION, DISTRIBUTION, ETC. (IMPRINT)
Place of publication, distribution, etc. New York :
Name of publisher, distributor, etc. New American Library,
Date of publication, distribution, etc. c1954.
300 ## - PHYSICAL DESCRIPTION
Pagination 240 p. ;
Size 19 cm.
490 0# - SERIES STATEMENT
Series statement A Mentor book,
Volume/sequential designation M104
650 #0 - SUBJECT ADDED ENTRY--TOPICAL TERM
Topical term or geographic name as entry element Literature, Modern
General subdivision History and criticism.
9 (RLIN) 53867
Topical term or geographic name as entry element Authorship.
9 (RLIN) 59991
700 1# - ADDED ENTRY--PERSONAL NAME
Personal name Brown, Francis,
Dates associated with a name 1903-1995,
Relator term ed.
942 ## - ADDED ENTRY ELEMENTS (KOHA)
Source of classification or shelving scheme Dewey Decimal Classification
Koha item type Books
Holdings
Lost status Source of classification or shelving scheme Damaged status Not for loan Collection code Permanent Location Current Location Shelving location Date acquired Source of acquisition Total Checkouts Full call number Date last seen Copy number Koha item type
  Dewey Decimal Classification     Fiction Central Library, University of Rajshahi Central Library, University of Rajshahi   05/03/2014 RUCL   809.04 HIG 1954 24/02/2014 C-2 Books